[Event "Las Palmas Insular-chT Pref 1617"]
[Site "Las Palmas"]
[Date "2016.12.17"]
[Round "7.3"]
[White "Trujillo Alvarado, Ivan"]
[Black "Cruz Pino, Adrian"]
[Result "1-0"]
[WhiteElo "2139"]
[BlackElo "2094"]
[PlyCount "137"]
[EventDate "2016.10.22"]
[EventType "team-tourn"]
[EventRounds "14"]
[EventCountry "ESP"]
[SourceTitle "EXT 2018"]
[Source "ChessBase"]
[SourceDate "2017.10.13"]
[SourceVersion "1"]
[SourceVersionDate "2017.10.13"]
[SourceQuality "1"]
[WhiteTeam "Tres W"]
[BlackTeam "Guia Univac"]
[WhiteTeamCountry "ESP"]
[BlackTeamCountry "ESP"]

1. d4 e6 2. Nf3 d5 3. g3 c6 4. Bg2 f5 5. 0-0 Nf6 6. c3 Be7 7. Nbd2 0-0 8. Ne5 Nbd7 9. Ndf3 Ne4 10. Nxd7 Bxd7 11. Ne5 Be8 12. Qb3 Qb6 13. Nd3 Bf7 14. Qc2 Bf6 15. Bf4 Be7 16. Rad1 c5 17. dxc5 Nxc5 18. Be3 Qc7 19. Nxc5 Bxc5 20. Bxc5 Qxc5 21. Rd2 Rac8 22. Qa4 Rc6 23. Qd4 b6 24. Qe5 Qc4 25. a3 Qb3 26. Re1 b5 27. f3 Qc4 28. e4 Qc5+ 29. Qd4 dxe4 30. fxe4 Qxd4+ 31. Rxd4 e5 32. exf5 exd4 33. Bxc6 dxc3 34. bxc3 Rc8 35. Bxb5 Rxc3 36. Rd1 Rc8 37. Rd7 Be8 38. Rb7 Bxb5 39. Rxb5 Rc7 40. Kg2 Kf7 41. Ra5 Kf6 42. Kh3 Kg5 43. a4 Rd7 44. Rb5 Rd4 45. Rb7 Rxa4 46. Rxg7+ Kxf5 47. Rxh7 Kg6 48. Rc7 Ra2 49. Rc5 Kh6 50. g4 Kg6 51. Kg3 a5 52. Rc6+ Kg7 53. Ra6 a4 54. h4 a3 55. Kf4 Rf2+ 56. Kg5 a2 57. Ra7+ Kf8 58. h5 Rc2 59. h6 Kg8 60. Kg6 Rc6+ 61. Kh5 Rc2 62. g5 Kf8 63. Ra8+ Kf7 64. g6+ Kf6 65. g7 Rh2+ 66. Kg4 a1Q 67. Rxa1 Rg2+ 68. Kh3 Rg5 69. Rf1+ 1-0

[Event "Canarias-chT"]
[Site "Vecindario"]
[Date "2015.06.12"]
[Round "3.1"]
[White "Perez Guijarro, Eduardo"]
[Black "Trujillo Alvarado, Ivan"]
[Result "1-0"]
[WhiteElo "1932"]
[BlackElo "2196"]
[PlyCount "75"]
[EventDate "2015.06.11"]
[EventType "team-swiss"]
[EventRounds "6"]
[EventCountry "ESP"]
[SourceTitle "EXT 2024"]
[Source "ChessBase"]
[SourceDate "2023.10.10"]
[SourceVersion "1"]
[SourceVersionDate "2023.10.10"]
[SourceQuality "1"]
[WhiteTeam "La Terraza del Casino"]
[BlackTeam "Tres W"]
[WhiteTeamCountry "ESP"]
[BlackTeamCountry "ESP"]

1. d4 Nf6 2. Nf3 e6 3. g3 d5 4. Bg2 Be7 5. 0-0 0-0 6. c4 c6 7. Nc3 Nbd7 8. Qc2 dxc4 9. Rd1 Qa5 10. e4 b5 11. Bg5 Re8 12. e5 Nd5 13. Bxe7 Rxe7 14. a3 Qc7 15. Ng5 Nf8 16. Nce4 h6 17. Nf3 a6 18. b3 cxb3 19. Qxb3 Bb7 20. Rac1 Qb6 21. Nc5 Nd7 22. Nd2 Qc7 23. Nde4 Nxc5 24. Rxc5 Rd8 25. Nd6 Ba8 26. Bxd5 exd5 27. a4 Qa5 28. Nf5 Re6 29. Qf3 Kf8 30. Ra1 Qd2 31. Rd1 Qb4 32. axb5 axb5 33. Rcc1 Qa5 34. Ra1 Qb6 35. Qg4 Rg6 36. Qf3 Qc7 37. Qa3+ c5 38. Qxa8 1-0

[Event "Las Palmas Insular-chT Pref"]
[Site "Las Palmas"]
[Date "2015.02.07"]
[Round "7.1"]
[White "Brito Garcia, Alfredo"]
[Black "Trujillo Alvarado, Ivan"]
[Result "0-1"]
[WhiteElo "2338"]
[BlackElo "2196"]
[PlyCount "98"]
[EventDate "2014.11.22"]
[EventType "team-tourn"]
[EventRounds "14"]
[EventCountry "ESP"]
[SourceTitle "EXT 2016"]
[Source "ChessBase"]
[SourceDate "2015.10.08"]
[SourceVersion "1"]
[SourceVersionDate "2015.10.08"]
[SourceQuality "1"]
[WhiteTeam "Guia Univac"]
[BlackTeam "Tres W"]
[WhiteTeamCountry "ESP"]
[BlackTeamCountry "ESP"]

1. d4 d5 2. g3 Nf6 3. Bg2 e6 4. c4 Be7 5. Nf3 0-0 6. 0-0 c6 7. Qc2 Nbd7 8. Rd1 dxc4 9. Na3 Nb6 10. Ne5 Nfd7 11. Naxc4 Nxc4 12. Nxc4 Nb6 13. Ne5 Bg5 14. Nf3 Bxc1 15. Raxc1 Qe7 16. h4 h6 17. Qb3 Rd8 18. e4 Bd7 19. a4 Be8 20. a5 Nc8 21. Ne5 a6 22. Nc4 Rb8 23. Ne3 Nd6 24. Ng4 Nb5 25. Qc4 Rd6 26. Rd3 Rbd8 27. Rcd1 R6d7 28. Ne3 Qf6 29. e5 Qe7 30. f4 Kh8 31. Be4 f6 32. exf6 Qxf6 33. Ng4 Qe7 34. Ne5 Nd6 35. Qc2 Nxe4 36. Nxd7 Qxd7 37. g4 Nf6 38. g5 Nd5 39. Rg3 Qf7 40. Rf1 Ne7 41. gxh6 gxh6 42. Qe4 Qf5 43. Qg2 Bf7 44. Kh2 Qxa5 45. Rg7 Qf5 46. Rg1 Qxf4+ 47. Kh3 Qf5+ 48. Kh2 Qf6 49. Qe4 Nf5 0-1

[Event "Las Palmas Insular-chT Pref"]
[Site "Las Palmas"]
[Date "2015.01.17"]
[Round "4.1"]
[White "Trujillo Alvarado, Ivan"]
[Black "Barlov, Dragan"]
[Result "0-1"]
[WhiteElo "2196"]
[BlackElo "2433"]
[PlyCount "184"]
[EventDate "2014.11.22"]
[EventType "team-tourn"]
[EventRounds "14"]
[EventCountry "ESP"]
[SourceTitle "EXT 2016"]
[Source "ChessBase"]
[SourceDate "2015.10.08"]
[SourceVersion "1"]
[SourceVersionDate "2015.10.08"]
[SourceQuality "1"]
[WhiteTeam "Tres W"]
[BlackTeam "Villa de Teror Goya"]
[WhiteTeamCountry "ESP"]
[BlackTeamCountry "ESP"]

1. d4 Nf6 2. Nf3 g6 3. g3 Bg7 4. Bg2 0-0 5. 0-0 d6 6. c4 c6 7. Nc3 Bf5 8. Nh4 Bc8 9. Nf3 Nbd7 10. e4 e5 11. dxe5 dxe5 12. Qe2 Re8 13. Rd1 Qc7 14. h3 Bf8 15. Be3 a5 16. Ne1 Nc5 17. Nc2 Be6 18. Kh2 h5 19. b3 Be7 20. Ne1 h4 21. g4 Bc8 22. Nd3 Ne6 23. f3 Nd7 24. Rac1 Bg5 25. Bxg5 Nxg5 26. Qf2 Qd8 27. Nc5 Qe7 28. Nxd7 Bxd7 29. Na4 Be6 30. c5 Red8 31. Qe3 Qf6 32. Kg1 Rd4 33. Rxd4 exd4 34. Qf2 Qf4 35. Rd1 Rd8 36. Nb2 Rd7 37. Nd3 Qe3 38. Kf1 a4 39. Qxe3 dxe3 40. f4 axb3 41. Ke2 bxa2 42. Kxe3 Bc4 43. Bf1 Nxh3 44. Ra1 Bxd3 45. Bxd3 Nxf4 46. Kxf4 Rxd3 47. Rxa2 Kg7 48. Rb2 Rc3 49. Rxb7 Rxc5 50. g5 h3 51. Kg3 Rxg5+ 52. Kxh3 Kf6 53. Kh4 Rc5 54. Kg4 Ke6 55. Kf4 Rc4 56. Ke3 g5 57. Rb8 f6 58. Rc8 Kf7 59. Kd3 Rc1 60. Kd2 Rc5 61. Ke3 Rc3+ 62. Kd2 Rc4 63. Kd3 Rc5 64. Kd4 Rc1 65. Ke3 Ke6 66. Rg8 Kf7 67. Rc8 Ke6 68. Re8+ Kd7 69. Rf8 Rf1 70. Ke2 Rf4 71. Ke3 c5 72. Rg8 Kc6 73. e5 fxe5 74. Rxg5 Kd5 75. Rg8 Re4+ 76. Kf3 Rd4 77. Rd8+ Kc4 78. Re8 Rf4+ 79. Ke3 Rf5 80. Ke4 Rh5 81. Rg8 Rh1 82. Kxe5 Rd1 83. Rb8 Kc3 84. Ke4 c4 85. Rb7 Kc2 86. Ke3 c3 87. Rc7 Kb2 88. Rb7+ Kc1 89. Ke2 Rd2+ 90. Ke3 Rd6 91. Ke2 c2 92. Rh7 Rb6 0-1

[Event "Las Palmas Insular-chT Pref"]
[Site "Las Palmas"]
[Date "2014.12.13"]
[Round "2.1"]
[White "Trujillo Alvarado, Ivan"]
[Black "Garcia Blanco, Omar"]
[Result "1/2-1/2"]
[WhiteElo "2196"]
[BlackElo "2268"]
[PlyCount "39"]
[EventDate "2014.11.22"]
[EventType "team-tourn"]
[EventRounds "14"]
[EventCountry "ESP"]
[SourceTitle "EXT 2016"]
[Source "ChessBase"]
[SourceDate "2015.10.08"]
[SourceVersion "1"]
[SourceVersionDate "2015.10.08"]
[SourceQuality "1"]
[WhiteTeam "Tres W"]
[BlackTeam "La Caja de Vecindario"]
[WhiteTeamCountry "ESP"]
[BlackTeamCountry "ESP"]

1. Nf3 Nf6 2. g3 g6 3. Bg2 Bg7 4. 0-0 0-0 5. c4 c5 6. Nc3 Nc6 7. d3 b6 8. Rb1 Bb7 9. a3 Nd4 10. Nxd4 Bxg2 11. Kxg2 cxd4 12. Nb5 Ne8 13. a4 d5 14. b3 Nc7 15. Nxc7 Qxc7 16. Ba3 Rfc8 17. Kg1 Bf8 18. Qd2 Qd7 19. Ra1 Rab8 20. Rfc1 1/2-1/2

[Event "Gran Canaria Dominguez Memoral 1st"]
[Site "Gran Canaria"]
[Date "2014.03.24"]
[Round "3"]
[White "Trujillo Alvarado, Ivan"]
[Black "Vega Gutierrez, Sabrina Neide"]
[Result "0-1"]
[WhiteElo "2149"]
[BlackElo "2379"]
[PlyCount "78"]
[EventDate "2014.03.17"]
[EventType "swiss"]
[EventRounds "7"]
[EventCountry "ESP"]
[SourceTitle "EXT 2015"]
[Source "ChessBase"]
[SourceDate "2014.11.20"]
[SourceVersion "1"]
[SourceVersionDate "2014.11.20"]
[SourceQuality "1"]

1. Nf3 d5 2. g3 Nf6 3. Bg2 c6 4. b3 Bf5 5. Bb2 Nbd7 6. 0-0 h6 7. d3 e6 8. Nbd2 Be7 9. Re1 0-0 10. e4 Bh7 11. Qe2 a5 12. a4 Nc5 13. Ne5 Na6 14. Nf1 Re8 15. h4 Nc5 16. Nd2 Qc7 17. Ng4 Nxg4 18. Qxg4 Bf8 19. Nf1 Rad8 20. Qe2 Na6 21. Nh2 Bb4 22. Red1 dxe4 23. Bxe4 f5 24. Bg2 e5 25. Nf3 Bd6 26. Nd2 Bc5 27. Kh2 Bd4 28. Rdb1 Bxb2 29. Rxb2 Nc5 30. Nc4 e4 31. dxe4 Nxe4 32. Bxe4 Rxe4 33. Qf3 f4 34. g4 Qe7 35. Kh3 h5 36. Rg1 hxg4+ 37. Qxg4 f3 38. Qg5 Bf5+ 39. Kg3 Rg4+ 0-1

[Event "Las Palmas Insular-chT Pref 1314"]
[Site "Agaete"]
[Date "2013.11.16"]
[Round "2.2"]
[White "Garcia Blanco, Omar"]
[Black "Trujillo Alvarado, Ivan"]
[Result "1-0"]
[WhiteElo "2287"]
[BlackElo "2149"]
[PlyCount "103"]
[EventDate "2013.11.09"]
[EventType "team-tourn"]
[EventRounds "14"]
[EventCountry "ESP"]
[SourceTitle "EXT 2015"]
[Source "ChessBase"]
[SourceDate "2014.11.20"]
[SourceVersion "1"]
[SourceVersionDate "2014.11.20"]
[SourceQuality "1"]
[WhiteTeam "La Caja de Vecindario"]
[BlackTeam "Real Club Victoria"]
[WhiteTeamCountry "ESP"]
[BlackTeamCountry "ESP"]

1. e4 c5 2. c3 e6 3. d4 d5 4. exd5 Qxd5 5. Nf3 Nc6 6. Na3 Nf6 7. Nb5 Qd8 8. dxc5 Bxc5 9. Qxd8+ Kxd8 10. Bf4 Nd5 11. Bg3 a6 12. Nd6 Ke7 13. Ne4 Ba7 14. Bd6+ Ke8 15. Ba3 Bb8 16. Rd1 f6 17. Nd6+ Bxd6 18. Bxd6 Kf7 19. c4 Nde7 20. Be2 Nf5 21. Bc5 e5 22. g4 Nfe7 23. g5 Be6 24. Bb6 Rac8 25. gxf6 gxf6 26. Nd2 f5 27. Nb3 Nb8 28. Nc5 Rc6 29. Ba7 Rc7 30. Rd6 Rc6 31. Nxb7 Kf6 32. f4 Rxd6 33. Nxd6 Nbc6 34. fxe5+ Kxe5 35. Bc5 Rd8 36. Nb7 Rd7 37. Bxe7 Rxe7 38. Nc5 Bf7 39. Kf2 Nd4 40. Bd3 Ra7 41. Na4 Nc6 42. b3 Nb4 43. Bb1 Rd7 44. Re1+ Kf4 45. Rf1 Bg6 46. Nc3 Kg4 47. Rd1 Re7 48. Rd4+ Kg5 49. h4+ Kh5 50. Ne2 Nc6 51. Ng3+ Kh6 52. Rd6 1-0

[Event "Las Palmas Insular-chT Pref"]
[Site "Las Palmas"]
[Date "2013.03.02"]
[Round "11.3"]
[White "Cruz Pino, Adrian"]
[Black "Trujillo Alvarado, Ivan"]
[Result "0-1"]
[WhiteElo "1994"]
[BlackElo "2149"]
[PlyCount "84"]
[EventDate "2012.11.10"]
[EventType "team-tourn"]
[EventRounds "14"]
[EventCountry "ESP"]
[SourceTitle "EXT 2014"]
[Source "ChessBase"]
[SourceDate "2013.11.20"]
[SourceVersion "1"]
[SourceVersionDate "2013.11.20"]
[SourceQuality "1"]
[WhiteTeam "Casa Museo El Patio"]
[BlackTeam "Real Club Victoria"]
[WhiteTeamCountry "ESP"]
[BlackTeamCountry "ESP"]

1. e4 c5 2. Nf3 e6 3. c4 Nc6 4. Nc3 d6 5. d4 cxd4 6. Nxd4 Be7 7. Be2 Nf6 8. 0-0 0-0 9. Be3 Bd7 10. Qd2 Ne5 11. f3 Rc8 12. b3 a6 13. h3 Qc7 14. Rac1 Qb8 15. Qe1 Nc6 16. a4 Nb4 17. f4 Nc6 18. Bf3 Nxd4 19. Bxd4 b5 20. axb5 axb5 21. cxb5 Bxb5 22. Nxb5 Qxb5 23. Rb1 d5 24. e5 Nd7 25. Be2 Qb7 26. b4 Nb6 27. Bd3 Nc4 28. f5 exf5 29. Rxf5 Na3 30. Rb2 Qd7 31. Qg3 g6 32. Rf6 Bxf6 33. exf6 Qc7 34. Qh4 Qc1+ 35. Kh2 h6 36. Rb3 Nc4 37. Rc3 Qg5 38. Qxg5 hxg5 39. Bc5 Rxc5 40. bxc5 Rc8 41. Kg3 Rxc5 42. Bc2 Rc6 0-1

[Event "Las Palmas Insular-chT Pref"]
[Site "Las Palmas"]
[Date "2012.12.15"]
[Round "4.3"]
[White "Trujillo Alvarado, Ivan"]
[Black "Cruz Pino, Adrian"]
[Result "1/2-1/2"]
[WhiteElo "2149"]
[BlackElo "1994"]
[PlyCount "150"]
[EventDate "2012.11.10"]
[EventType "team-tourn"]
[EventRounds "14"]
[EventCountry "ESP"]
[SourceTitle "EXT 2014"]
[Source "ChessBase"]
[SourceDate "2013.11.20"]
[SourceVersion "1"]
[SourceVersionDate "2013.11.20"]
[SourceQuality "1"]
[WhiteTeam "Real Club Victoria"]
[BlackTeam "Casa Museo El Patio"]
[WhiteTeamCountry "ESP"]
[BlackTeamCountry "ESP"]

1. Nf3 c5 2. c4 Nc6 3. g3 g6 4. Bg2 Bg7 5. 0-0 e5 6. Nc3 Nge7 7. d3 d6 8. Bd2 0-0 9. Qc1 Re8 10. Rb1 Rb8 11. a3 a5 12. Bg5 f6 13. Bd2 Be6 14. Re1 b6 15. e4 Qd7 16. Nb5 Na7 17. Nxa7 Qxa7 18. b4 Nc6 19. bxa5 bxa5 20. Qc3 Qa6 21. Rec1 Bf8 22. Bf1 Rb6 23. Rxb6 Qxb6 24. Be2 Rb8 25. Bd1 Be7 26. Ne1 Bd8 27. Nc2 Bd7 28. Ne3 Nd4 29. Kg2 Qb2 30. Qxb2 Rxb2 31. Bc3 Rb7 32. Nd5 Kg7 33. h3 Rb8 34. Ne3 Rb7 35. Ra1 Rb8 36. h4 Rb7 37. Ra2 Rb1 38. Rb2 Rxb2 39. Bxb2 Kf7 40. Bc3 Bc6 41. Kf1 h5 42. Ke1 Bd7 43. Bd2 Bc6 44. Kf1 Bd7 45. Nd5 Bh3+ 46. Ke1 Bd7 47. Nc3 Bc7 48. Be3 Bd8 49. Kd2 Bc7 50. Ba4 Bc8 51. Nb5 Nxb5 52. Bxb5 Bg4 53. Ke1 Ke7 54. Kd2 Bf3 55. Ba4 Bg4 56. Kc3 Bf3 57. Bc1 Bg4 58. Bb5 Bd1 59. Kd2 Bb3 60. Ke2 Bc2 61. Bd2 Bb3 62. f3 Bc2 63. f4 Kf7 64. Bc6 Bd8 65. f5 g5 66. Bb5 Bb3 67. Be3 Bc2 68. Kd2 Bb3 69. Bc6 Be7 70. Ke2 Bc2 71. Bd7 Bd8 72. Bd2 Bb3 73. Be6+ Kg7 74. Bd7 Kf7 75. Bb5 Bc2 1/2-1/2

[Event "Canarias-chT"]
[Site "Fuerteventura"]
[Date "2012.06.08"]
[Round "3.4"]
[White "Santiago Humara, Eduardo"]
[Black "Trujillo Alvarado, Ivan"]
[Result "0-1"]
[WhiteElo "1956"]
[BlackElo "2139"]
[PlyCount "32"]
[EventDate "2012.06.07"]
[EventType "team-tourn"]
[EventRounds "7"]
[EventCountry "ESP"]
[SourceTitle "CBM 148 Extra"]
[Source "ChessBase"]
[SourceDate "2012.06.22"]
[SourceVersion "1"]
[SourceVersionDate "2012.06.22"]
[SourceQuality "1"]
[WhiteTeam "Fuerteventura LDC"]
[BlackTeam "Real Club Victoria"]
[WhiteTeamCountry "ESP"]
[BlackTeamCountry "ESP"]

1. e4 c5 2. Nf3 e6 3. d3 Nc6 4. g3 d5 5. Nbd2 Nf6 6. Bg2 Be7 7. 0-0 0-0 8. c3 Qc7 9. Re1 dxe4 10. dxe4 Rd8 11. Qc2 Nd7 12. a4 Nde5 13. Nxe5 Nxe5 14. f4 Nd3 15. Rd1 c4 16. b4 Qb6+ 0-1

[Event "Canarias-chT"]
[Site "Fuerteventura"]
[Date "2012.06.07"]
[Round "2.4"]
[White "Trujillo Alvarado, Ivan"]
[Black "Gonzalez Armas, Dinia"]
[Result "1-0"]
[WhiteElo "2139"]
[BlackElo "1701"]
[PlyCount "49"]
[EventDate "2012.06.07"]
[EventType "team-tourn"]
[EventRounds "7"]
[EventCountry "ESP"]
[SourceTitle "CBM 148 Extra"]
[Source "ChessBase"]
[SourceDate "2012.06.22"]
[SourceVersion "1"]
[SourceVersionDate "2012.06.22"]
[SourceQuality "1"]
[WhiteTeam "Real Club Victoria"]
[BlackTeam "La Caja de Las Palmas"]
[WhiteTeamCountry "ESP"]
[BlackTeamCountry "ESP"]

1. d4 Nf6 2. Nf3 e6 3. g3 d5 4. Bg2 Be7 5. 0-0 0-0 6. c4 b6 7. Nc3 c5 8. dxc5 bxc5 9. Nh4 Bb7 10. cxd5 exd5 11. Nf5 Re8 12. Bg5 Qd7 13. Nxe7+ Rxe7 14. Bxf6 gxf6 15. Nxd5 Re6 16. Nf4 Rb6 17. b3 Bxg2 18. Kxg2 Rd6 19. Qc2 Na6 20. Rac1 Rd8 21. Qb1 Rd4 22. Rc3 Kh8 23. Rf3 Nc7 24. Nh5 Qc6 25. Nxf6 1-0

[Event "San Sebastian op 35th"]
[Site "San Sebastian"]
[Date "2012.04.04"]
[Round "6"]
[White "Pap, Misa"]
[Black "Trujillo Alvarado, Ivan"]
[Result "1-0"]
[WhiteElo "2501"]
[BlackElo "2173"]
[PlyCount "99"]
[EventDate "2012.03.31"]
[EventType "swiss"]
[EventRounds "9"]
[EventCountry "ESP"]
[SourceTitle "CBM 147 Extra"]
[Source "ChessBase"]
[SourceDate "2012.04.24"]
[SourceVersion "1"]
[SourceVersionDate "2012.04.24"]
[SourceQuality "1"]

1. e4 c5 2. Nf3 e6 3. d4 cxd4 4. Nxd4 a6 5. Nc3 Qc7 6. Bd3 Nf6 7. 0-0 Be7 8. Be3 d6 9. f4 b5 10. Qf3 Bb7 11. a3 Nbd7 12. Kh1 Nc5 13. Rac1 g6 14. b4 Ncd7 15. Nce2 Nb6 16. a4 bxa4 17. c4 Nbd7 18. Nc3 0-0 19. Nxa4 e5 20. Nb3 exf4 21. Bxf4 Nh5 22. Be3 Ne5 23. Qd1 Nxd3 24. Qxd3 Nf6 25. Nc3 Ng4 26. Na5 Nxe3 27. Qxe3 Rab8 28. Nxb7 Qxb7 29. Nd5 Rbe8 30. c5 Qc6 31. Qd4 Bd8 32. cxd6 Qd7 33. h3 Re6 34. e5 f6 35. Rc7 Bxc7 36. dxc7 Kf7 37. Qc5 f5 38. Nb6 Rxb6 39. Qxb6 Qe6 40. Qb7 Qc8 41. Qa7 Re8 42. Qc5 Re7 43. Rc1 Re6 44. Qd5 Ke7 45. Rc6 Rxc6 46. Qxc6 f4 47. Qd6+ Ke8 48. Kh2 g5 49. Kg1 h5 50. e6 1-0